Hướng dẫn ôn tập hóa học 12
Nội dung tài liệu gồm 3 phần: hướng dẫn ôn tập lí thuyết; hướng dẫn làm bài tập; bài tập trắc nghiệm môn hóa học lớp 12.
Spremljeno u:
| Glavni autor: | |
|---|---|
| Format: | Knjiga |
| Jezik: | Undetermined |
| Izdano: |
Hà Nội
Giáo dục Việt Nam
2009
|
| Teme: | |
| Oznake: |
Dodaj oznaku
Bez oznaka, Budi prvi tko označuje ovaj zapis!
|
| Thư viện lưu trữ: | Trung tâm Học liệu Trường Đại học Cần Thơ |
|---|
| LEADER | 00854nam a2200217Ia 4500 | ||
|---|---|---|---|
| 001 | CTU_191559 | ||
| 008 | 210402s9999 xx 000 0 und d | ||
| 020 | |c 25000 | ||
| 082 | |a 547.00712 | ||
| 082 | |b L305/T.1 | ||
| 100 | |a Lê, Quỳnh Liên | ||
| 245 | 0 | |a Hướng dẫn ôn tập hóa học 12 | |
| 245 | 0 | |c Lê Quỳnh Liên chủ biên | |
| 260 | |a Hà Nội | ||
| 260 | |b Giáo dục Việt Nam | ||
| 260 | |c 2009 | ||
| 520 | |a Nội dung tài liệu gồm 3 phần: hướng dẫn ôn tập lí thuyết; hướng dẫn làm bài tập; bài tập trắc nghiệm môn hóa học lớp 12. | ||
| 650 | |a Chemistry,Hóa học | ||
| 650 | |x Study and teaching (Secondary),Học và giảng dạy | ||
| 904 | |i Bằng | ||
| 980 | |a Trung tâm Học liệu Trường Đại học Cần Thơ | ||